<?xml version="1.0" encoding="UTF-8"?><?xml-stylesheet type="text/xsl" href="static/style.xsl"?><OAI-PMH xmlns="http://www.openarchives.org/OAI/2.0/" xmlns:xsi="http://www.w3.org/2001/XMLSchema-instance" xsi:schemaLocation="http://www.openarchives.org/OAI/2.0/ http://www.openarchives.org/OAI/2.0/OAI-PMH.xsd"><responseDate>2026-04-14T03:53:32Z</responseDate><request verb="GetRecord" identifier="oai:www.recercat.cat:10230/71813" metadataPrefix="marc">https://recercat.cat/oai/request</request><GetRecord><record><header><identifier>oai:recercat.cat:10230/71813</identifier><datestamp>2025-11-08T15:23:06Z</datestamp><setSpec>com_2072_6</setSpec><setSpec>col_2072_452952</setSpec></header><metadata><record xmlns="http://www.loc.gov/MARC21/slim" xmlns:dcterms="http://purl.org/dc/terms/" xmlns:xsi="http://www.w3.org/2001/XMLSchema-instance" xmlns:doc="http://www.lyncode.com/xoai" xsi:schemaLocation="http://www.loc.gov/MARC21/slim http://www.loc.gov/standards/marcxml/schema/MARC21slim.xsd">
   <leader>00925njm 22002777a 4500</leader>
   <datafield ind2=" " ind1=" " tag="042">
      <subfield code="a">dc</subfield>
   </datafield>
   <datafield ind2=" " ind1=" " tag="720">
      <subfield code="a">Zhou, Ting</subfield>
      <subfield code="e">author</subfield>
   </datafield>
   <datafield ind2=" " ind1=" " tag="720">
      <subfield code="a">Rodríguez-Barrios, Suliany</subfield>
      <subfield code="e">author</subfield>
   </datafield>
   <datafield ind2=" " ind1=" " tag="720">
      <subfield code="a">Ruisánchez, Itziar</subfield>
      <subfield code="e">author</subfield>
   </datafield>
   <datafield ind2=" " ind1=" " tag="720">
      <subfield code="a">Rivera Gil, Pilar, 1976-</subfield>
      <subfield code="e">author</subfield>
   </datafield>
   <datafield ind2=" " ind1=" " tag="260">
      <subfield code="c">2025-11-07T16:52:57Z</subfield>
   </datafield>
   <datafield ind2=" " ind1=" " tag="260">
      <subfield code="c">2025-11-07T16:52:57Z</subfield>
   </datafield>
   <datafield ind2=" " ind1=" " tag="260">
      <subfield code="c">2025</subfield>
   </datafield>
   <datafield ind2=" " ind1=" " tag="260">
      <subfield code="c">2025-11-07T16:52:57Z</subfield>
   </datafield>
   <datafield ind2=" " ind1=" " tag="520">
      <subfield code="a">Labile Zn2+ is emerging as a quantitative driver, not just a biomarker, of metastasis, yet rapid, second-resolved intracellular measurement remains elusive. Here we engineer terpyridine-functionalised, hollow Au@SiO2 nanocapsules (NCs@TPY) and couple their SERS signal to cell-specific partial-least-squares (PLS) chemometrics, yielding an 8-log dynamic range (10-12 - 10-4 M), a low-nanomolar detection limit and ≤4.5 % cross-validated error while rejecting Ca2+/Mg2+ interference. Applying this platform to four breast-cancer lines reveals that basal cytosolic Zn2+ forms a "ladder" paralleling metastatic aggressiveness (MCF-7 25 pM &lt; MDA 430 pM &lt; LM2 4.7 nM &lt; BrM2 51 nM). Manipulating extracellular zinc uncovers a biphasic switch: migration, invasion and proliferation all peak when intracellular Zn2+ rises into the nanomolar band (∼10-560 nM) and collapse once it exceeds ∼5-70 μM (line-specific). Primary-tumour-derived MDA cells are hypersensitive, reaching maximal metastatic traits at ∼0.6 μM Zn2+, whereas lung- and brain-tropic variants show partial resistance, indicating micro-environmental adaptation. The NCs@TPY-PLS assay thus provides the first tool to track intracellular zinc across eight orders of magnitude in situ and demonstrates that tightly regulated Zn2+ dyshomeostasis controls metastatic behaviour. Because the Raman ligand is exchangeable, the capsule architecture is readily extendable to multiplex ion or redox sensing, and the identified "functional window" positions zinc transporters as actionable targets for anti-metastatic therapy.</subfield>
   </datafield>
   <datafield ind2=" " ind1=" " tag="520">
      <subfield code="a">PRG acknowledges the Spanish Ministry of Science, Innovation and Technology (AEI-PID2022-140423NB-100/AEI/10.13039/501100011033 and CNS2023 - 143700) for funding. TZ. and PRG appreciate the financial support from the China Scholarship Council (CSC) by a State Scholarship Fund (NSCIS no. 202008350121). With the support of the Department of Research and Universities of the Generalitat of Catalonia in the Chemometrics and Sensorics for Analytical Solutions Research Group, CHEMOSENS (Code: 2021 SGR 00705).</subfield>
   </datafield>
   <datafield ind1="8" ind2=" " tag="024">
      <subfield code="a">http://hdl.handle.net/10230/71813</subfield>
   </datafield>
   <datafield tag="653" ind2=" " ind1=" ">
      <subfield code="a">Labile zinc</subfield>
   </datafield>
   <datafield tag="653" ind2=" " ind1=" ">
      <subfield code="a">Breast neoplasms-metastasis</subfield>
   </datafield>
   <datafield tag="653" ind2=" " ind1=" ">
      <subfield code="a">Gold-silica nanocapsules</subfield>
   </datafield>
   <datafield tag="653" ind2=" " ind1=" ">
      <subfield code="a">Raman spectroscopy-SERS</subfield>
   </datafield>
   <datafield tag="653" ind2=" " ind1=" ">
      <subfield code="a">Plasmonic nanosensor</subfield>
   </datafield>
   <datafield tag="653" ind2=" " ind1=" ">
      <subfield code="a">Multivariate calibration (partial least-squares chemometrics)</subfield>
   </datafield>
   <datafield tag="653" ind2=" " ind1=" ">
      <subfield code="a">Intracellular ion sensing</subfield>
   </datafield>
   <datafield ind2="0" ind1="0" tag="245">
      <subfield code="a">A SERS-active plasmonic nanosensor-chemometrics platform reveals a biphasic zinc switch that controls breast-cancer metastasis</subfield>
   </datafield>
</record></metadata></record></GetRecord></OAI-PMH>